Ideas sobre las causas de la obesidad en estudiantes universitarios mexicanos y españoles (Record no. 170916)

MARC details
000 -CABECERA
campo de control de longitud fija 01725nab a2200265 a 4500
005 - FECHA Y HORA DE LA ÚLTIMA TRANSACCIÓN
campo de control 20210219162147.0
008 - ELEMENTOS DE LONGITUD FIJA--INFORMACIÓN GENERAL
campo de control de longitud fija 991125s1985 mx 000 0 spa u
035 ## - NÚMERO DE CONTROL DEL SISTEMA
Número de control de sistema UPN01000198815
049 ## - COLECCIÓN
Colección ART
100 1# - ASIENTO PRINCIPAL--NOMBRE PERSONAL
Nombre de persona León Sánchez, Rigoberto
100 1# - ASIENTO PRINCIPAL--NOMBRE PERSONAL
Filiación rigobert@unam.mx
100 1# - ASIENTO PRINCIPAL--NOMBRE PERSONAL
Nombre de persona Jiménez Cruz, Blanca Elizabeth
100 1# - ASIENTO PRINCIPAL--NOMBRE PERSONAL
Nombre de persona López Manjon, Asunción
100 1# - ASIENTO PRINCIPAL--NOMBRE PERSONAL
Nombre de persona Barrera García, Kirareset
222 ## - TÍTULO CLAVE
Título clave ENSEÑANZA E INVESTIGACION EN PSICOLOGIA
245 ## - MENCIÓN DE TÍTULO
Título Ideas sobre las causas de la obesidad en estudiantes universitarios mexicanos y españoles
260 ## - PUBLICACIÓN, DISTRIBUCIÓN, ETC.
Lugar de publicación, distribución, etc. Jalapa, México
300 ## - DESCRIPCIÓN FÍSICA
Extensión 149-164
362 0# - FECHAS DE PUBLICACIÓN Y/O DESIGNACIÓN SECUENCIAL
Fecha de publicación y/o designación secuencial 2014 Vol. 19, no. 1, ene.-jun.
520 ## - NOTA DE RESUMEN, ETC.
Sumario, etc. Diversos estudios han mostrado que los profesionales de la salud estigmatizan la obesidad, incluso aquellos que dedican su labor a la atención del paciente obeso. Es posible que dichas creencias negativas tengan que ver con la atribución de las causas de la obesidad, es decir, si se supone que la persona obesa tiene o no responsabilidad sobre su padecimiento. El propósito del presente trabajo fue examinar las creencias sobre las causas de la obesidad de dos grupos de estudiantes universitarios de Psicología: 83 de una universidad mexicana y 77 de una española. Los resultados muestran que los participantes reconocían que la obesidad es causada por múltiples factores, pero tendieron a señalar al individuo obeso como responsable. Dichos datos sugieren que incluso este sector de profesionales asume la llamada "ideología de la culpa", lo que podría explicar la estigmatización que se hace de la obesidad
653 0# - TERMINO DE INDIZACION - NO CONTROLADO
Término no controlado OBESIDAD
653 0# - TERMINO DE INDIZACION - NO CONTROLADO
Término no controlado ESTIGMATIZACION
653 0# - TERMINO DE INDIZACION - NO CONTROLADO
Término no controlado ESTUDIANTE UNIVERSITARIO
905 ## - TIPO DE MATERIAL
Tipo de material Articulo

No items available.